|
|
|
|
| LEADER |
01547nam a22003734a 4500 |
| 001 |
35364 |
| 003 |
BD-DhAAL |
| 005 |
20211129160733.0 |
| 008 |
190915t1999 deua b 001 0 eng |
| 999 |
|
|
|c 41245
|d 41245
|
| 010 |
|
|
|a 99037781
|
| 020 |
|
|
|a 0872072525
|
| 020 |
|
|
|a 9780872072527
|
| 040 |
|
|
|a DLC
|c DLC
|d DLC
|d BD-DhAAL
|
| 042 |
|
|
|a pcc
|
| 043 |
|
|
|a n-us---
|
| 050 |
0 |
0 |
|a LB1573
|b .B3553 1999
|
| 082 |
0 |
0 |
|a 372.4
|2 21
|
| 245 |
0 |
4 |
|a The balanced reading program :
|b helping all students achieve success /
|c edited by Susan M. Blair-Larsen, Kathryn A. and Williams, editors.
|
| 260 |
|
|
|a Newark, Del. :
|b International Reading Association,
|c c1999.
|
| 300 |
|
|
|a vi, 201 pages :
|b illustrations ;
|c 22 cm.
|
| 504 |
|
|
|a Includes bibliographical references and indexes.
|
| 526 |
|
|
|a BIED
|
| 541 |
|
|
|a Complimentary copy from BIED
|e 35364
|
| 650 |
|
0 |
|a Reading (Elementary)
|x Education
|z United States.
|9 34580
|
| 650 |
|
0 |
|a Reading (Elementary)
|z United States
|v Case studies.
|9 34581
|
| 650 |
|
0 |
|a Classroom management
|z United States.
|9 34582
|
| 650 |
|
0 |
|a Curriculum planning
|z United States.
|9 34583
|
| 700 |
2 |
|
|a Blair-Larsen, Susan M.
|9 34584
|
| 700 |
1 |
|
|a Williams, Kathryn A.
|9 34585
|
| 710 |
2 |
|
|a International Reading Association.
|9 34586
|
| 852 |
|
|
|a Ayesha Abed Library
|c BIED Collection
|
| 942 |
|
|
|2 ddc
|c BK
|
| 952 |
|
|
|0 0
|1 0
|2 ddc
|4 0
|6 372_400000000000000_BAL
|7 0
|9 66297
|a BRACUL
|b BRACUL
|c GEN
|d 2019-09-15
|e Complimentary copy from BIED
|l 0
|o 372.4 BAL
|p 3010035364
|r 2019-09-15
|t 1
|w 2019-09-15
|y BK
|x Transferred from BIED to General Stacks
|